000 00760nam a2200253 i 4500
001 000038853
003 DO-SdBNP
005 20260422093151.0
007 ta
008 130430s1990 dr 000 0 spa d
040 _aDO-SdBNP
_bspa
_cBNPHU
_erda
041 _aspa
082 4 _axxx
_bxxx
_222
245 0 0 _aParticipación de los productores en la gestión agropecuaria.
264 1 _aSanto Domingo :
_bCentro de Información y Comunicación,
_c1990.
300 _a126 páginas ;
_c23 cm.
336 _atexto
_btxt
_2rdacontent
337 _asin mediación
_bn
_2rdamedia
338 _avolumen
_bnc
_2rdacarrier
490 1 _aConsenso agrario
_v4
500 _aIncluye notas al pie de las páginas
590 _aInventariado, 2026/BT
942 _2ddc
_cLBS1
999 _c38343
_d38343